Green with envy : why keeping up with the Joneses is keeping us in debt

Bibliographic Details
Main Author: Boss, Shira
Format: Book
Published: New York : Warner Books , 2006
Subjects:

MARC

LEADER 00000cam a2200000 7i4500
001 0000014018
005 20080312.0
008 080218
020 |a 0446578355 
090 0 0 |a 332.024   |b BOS 
100 1 |a Boss, Shira 
245 1 0 |a Green with envy :   |b why keeping up with the Joneses is keeping us in debt   |c Shira Boss 
260 |a New York :   |b Warner Books ,   |c 2006 
650 0 |a Finance, Personal   |x Psychological aspects 
650 0 |a Money   |x Psyhological aspect 
650 0 |a Wealth   |x Psychological aspects 
999 |a 0001012085   |b Book   |c Adult Collection   |e Perbadanan Perpustakaan Awam Johor 
999 |a 0001012086   |b Book   |c Adult Collection   |e Perbadanan Perpustakaan Awam Johor